| 000 | 00557nam a2200169 4500 | ||
|---|---|---|---|
| 008 | 020326s1997 enk engYA | ||
| 020 | _a0140265988 | ||
| 090 |
_aCT25 _bM27f |
||
| 100 | 1 | _aMah, Adeline Yen | |
| 245 | 1 | 0 |
_aFalling leaves : _bthe true story of an unwanted Chinese daughter / _cAdeline Yen Mah. |
| 260 |
_aEngland : _bPenguin Books, _cc1997. |
||
| 300 | _a278 p. | ||
| 600 | 1 | 4 |
_aMah, Adeline Yen _xAutobiography. |
| 650 | 4 | _aAutobiography. | |
| 651 | 4 |
_aChina _xBiography. |
|
| 951 |
_p24802 _x00026877 _oCT25/M27f _j070613111054968 _d2000-12-21 _cGC |
||
| 999 |
_c7090 _d7090 |
||